000
00283nam a2200133Ia 4500
100
_a
Rich/Elaine
250
_a
2
942
_c
BK
654
_a
artificial
245
_a
Artificial intelligence
260
_b
Tata Mc Graw hill
_a
New Delhi
_c
1997
300
_a
620
546
_a
ENGLISH
999
_c
27626
_d
27626